000 01671nam a2200409 i 4500
001 49186
003 KOSZ 005
005 20220426132018.0
008 091203s2009 pl a f f |000 0 pol
020 _a9788371418457
020 _a9788371418464
_q(dodatek)
040 _cKOSZ 005
_aKOSZ 005
_dKOSZ 005/HR
041 1 _apol
_hger
046 _k2008
080 _a621.01
080 _a(083)
245 0 0 _aPoradnik mechanika /
_cUlrich Fischer [et al.] ; oprac. merytoryczne wersji pol.: Joachim Potrykus ; [tł.: Joachim Potrykus, Zbigniew Smalec, Eugeniusz Wnuczak].
246 1 _iTyt. oryg.:
_aTabellenbuch Metall
260 _aWarszawa :
_bWydawnictwo REA,
_c2009.
300 _a422 s. :
_bil. ;
_c22 cm +
_ePoradnik mechanika. Wzory : 48 s.
380 _aKsiążki
380 _aPublikacje fachowe
388 _a2001-
500 _aNa okł. i s. tyt. nazwa wydawcy oryg.: Europa Lehmittel.
521 8 _aDla konstruktorów, technologów, mechaników zajmujących się budową maszyn i urządzeń, dla specjalistów z innych dzidzin, a także dla uczniów i studentów.
650 9 _a Konstrukcja maszyn i urządzeń
655 _aPoradnik
658 _aInżynieria i technika
700 1 _aFischer, Ulrich
_eAutor
700 1 _aPotrykus, Joachim
_eOpracowanie
700 1 _aSmalec, Zbigniew
_eTłumaczenie
700 1 _aWnuczak, Eugeniusz
_d(1929- )
_eTłumaczenie
710 2 _aWydawnictwo Rea
856 _uhttp://koha.tu.koszalin.pl/cgi-bin/koha/opac-detail.pl?biblionumber=49186
_yKatalog online BPK
942 _cKA
_2UKD
946 _c62,10
999 _c49186
_d49186